| 000 | 01328nam a2200337Ia 4500 | ||
|---|---|---|---|
| 001 | ebr10138656 | ||
| 003 | CaPaEBR | ||
| 006 | m u | ||
| 007 | cr cn||||||||| | ||
| 008 | 060517s2006 enka sb 001 0 eng d | ||
| 020 | _z0750668954 | ||
| 020 | _z0080461662 | ||
| 024 | 3 | _z9780750668958 | |
| 040 |
_aCaPaEBR _cCaPaEBR |
||
| 035 | _a(OCoLC)253934083 | ||
| 050 | 1 | 4 |
_aHF5626 _b.C48 2006eb |
| 100 | 1 | _aChorafas, Dimitris N. | |
| 245 | 1 | 0 |
_aIFRS, fair value and corporate governance _h[electronic resource] : _bthe impact on budgets, balance sheets and management accounts / _cDimitris N. Chorafas. |
| 250 | _a1st ed. | ||
| 260 |
_aOxford ; _aBurlington, MA : _bElsevier, _c2006. |
||
| 300 |
_axv, 479 p. : _bill. |
||
| 504 | _aIncludes bibliographical references and index. | ||
| 533 |
_aElectronic reproduction. _bPalo Alto, Calif. : _cebrary, _d2009. _nAvailable via World Wide Web. _nAccess may be limited to ebrary affiliated libraries. |
||
| 650 | 0 |
_aAccounting _xStandards. |
|
| 650 | 0 |
_aFinancial statements _xStandards. |
|
| 650 | 0 |
_aFair value _xAccounting. |
|
| 650 | 0 | _aCorporate governance. | |
| 655 | 7 |
_aElectronic books. _2local |
|
| 710 | 2 | _aebrary, Inc. | |
| 856 | 4 | 0 |
_uhttp://site.ebrary.com/lib/rucke/Doc?id=10138656 _zAn electronic book accessible through the World Wide Web; click to view |
| 999 |
_c185415 _d185415 |
||